000
00292nam a2200097Ia 4500
005
20251222114408.0
008
251222s1900||||xx |||||||||||||| ||spa||
082
_a
DVD0093/U15/2009
245
0
_a
Para servir, Cardenal Juan Luis Cipriani: diez aƱos en la Iglesia de Lima. 1999-2008:
942
_c
DVD
999
_c
1904
_d
1904